000 00738nam a2200181 a 4500
003 0
005 20250521120120.0
008 030519s19uu xx 00 eng d
050 _aPHS LB 1607
_b.H83 2003
100 _aHuang, Jia Xin.
245 _aEffectiveness of the V.A.T. circles as measured by the academic achievement of high school members of Southville International School and Colleges /
_cJia Xin Huang.
260 _aLas PiƱas City, Philippines :
_bSouthville International School and Colleges,
_c2003.
300 _a42 pages :
_billustrations ;
_c28 cm.
504 _aIncludes bibliographical references.
650 _aHigh school students
_xAcademic achievement.
650 _aStudent learning outcomes.
942 _2lcc
_cPASS
999 _c96789
_d96789